Estudio de los tamaños y connotación urbana de las iglesias del barroco minero, Brasil

Na minha lista:
Detalhes bibliográficos
Autor principal: Casanueva Carrasco, Manuel Luis (Autor)
Formato: Livro
Idioma:espanhol
Publicado em: Viña del Mar Taller de Investigaciones Gráficas. Esc. de Arquitectura 1991
Assuntos:
Tags: Adicionar Tag
Sem tags, seja o primeiro a adicionar uma tag!

MARC

LEADER 00000nam a2200000 a 4500
001 UCV9854
003 CL-VaPUC
008 930617e19910000CL |||||||||||||||||spa|d
082 0 4 |a 726.1  |b CAS  |2 21 
100 0 |a Casanueva Carrasco, Manuel Luis  |e author  |9 303852 
245 1 0 |a Estudio de los tamaños y connotación urbana de las iglesias del barroco minero, Brasil 
300 |a 156 p 
942 |c BK 
945 |d 19930617 00:00:00  |a cmena 
260 |a Viña del Mar  |b Taller de Investigaciones Gráficas. Esc. de Arquitectura  |c 1991 
650 7 |a SANTUARIOS  |2 CL-VaPUC  |9 267802 
650 0 |a Arquitectura colonial  |9 266240 
650 0 |a Arquitectura brasileña   |9 268803 
651 0 |a América del Sur  |9 260128 
651 0 |a Brasil  |9 267393 
651 7 |a MINAS GERAIS  |2 CL-VaPUC  |9 268804 
583 |a last modification  |c 20111012 09:24:20  |k Rodrigo Vera 
999 |c 215133  |d 215131 
952 |0 0  |1 0  |4 0  |6 726_100000000000000_CAS_1991  |7 0  |8 R  |9 199125  |a BIBARQ  |b BIBARQ  |d 2019-11-14  |i 2664461  |l 6  |o 726.1 CAS 1991  |p 2664461  |r 2025-01-20  |s 2023-10-05  |w 2019-11-14  |y BK_R  |k ARQ